| LEADER 00000nam 2200000uu 4500 |
| 001 213960 |
| 003 ULIBM |
| 008 230908s||||||||th 000 0 tha d |
| 020 ^a9780323697330
|
| 041 ^aeng
|
| 060 04 ^aWY85^bB959e 2020.
|
| 100 1 ^aBurkhardt, Margaret A.
|
| 245 10 ^aEthics & issues in contemporary nursing:^bnursing ethics for the 21st century/^cMargaret A.Burkhardt, Alvita K. Nathaniel
|
| 260 ^aSt.Louis, Miss :^bElsevier,^cc2020.
|
| 300 ^axv, 378 p. ;^c24 cm.
|
| 504 ^aIncludes bibliographical references and index
|
| 650 0 ^aNursing ethics
|
| 650 2 ^aEthics, Nursing
|
| 650 2 ^aInterprofessional Relations
|
| 650 2 ^aMoral Development
|
| 650 2 ^aPatient Advocacy
|
| 650 2 ^aProfessional Autonomy
|
| 700 1 ^aNathaniel, Alvita K.
|
| 999 ^aใช้งานได้ทุกระบบ
|